| 000 | 01082cam a22003495i 4500 | ||
|---|---|---|---|
| 999 |
_c200426277 _d44201 |
||
| 001 | 19506605 | ||
| 003 | TR-AnTOB | ||
| 005 | 20190322123546.0 | ||
| 008 | 170221s2015 tu a b 001 0 tur c | ||
| 010 | _a 2016356787 | ||
| 020 | _a9786055227630 | ||
| 020 | _a6055227630 | ||
| 035 | _a(OCoLC)ocn950748928 | ||
| 040 |
_aPUL _beng _cTR-AnTOB _erda |
||
| 041 | 0 | _atur | |
| 042 |
_apcc _alcode |
||
| 043 | _aa-tu--- | ||
| 050 | 0 | 0 |
_aGV1188.T9 _bO93 2015 |
| 090 | 0 | 0 |
_aGV1188.T9 _bO93 2015 |
| 100 | 1 |
_aÖzden, Hilmi, _d1959- _eauthor. |
|
| 245 | 1 | 0 |
_aTürk okçuluk tarihi : _bGiriş / _cHilmi Özden, Semih Öz. |
| 250 | _a1. Baskı. | ||
| 264 | 1 |
_aİstanbul : _bUluslararası kalkınma ve işbirliği derneği, _c2015. |
|
| 300 |
_a254 pages : _billustrations ; _c21 cm. |
||
| 336 |
_atext _btxt _2rdacontent |
||
| 337 |
_aunmediated _bn _2rdamedia |
||
| 338 |
_avolume _bnc _2rdacarrier |
||
| 504 | _aIncludes bibliographical references (pages 247-248) and index. | ||
| 650 | 0 | 0 |
_aArchery _zTurkey _xHistory. |
| 700 | 1 |
_aÖz, Semih, _d1971- _eauthor. |
|
| 942 |
_2lcc _cBK |
||